Responses for Show #7543 - Wednesday, May 31, 2017

Contestants

[<< previous game]

Joe Nguyen, an attorney from New York, New York

Lisette Pringle, a jewelry store assistant manager from Little River, South Carolina

Kerry Benn, a legal news editor from Springfield, New Jersey (whose 1-day cash winnings total $14,000)

[next game >>]

Jeopardy! Round responses

CAMEL LOT
HETERONYMS
(Alex: I hope you know what they are.)
SOURCES OF POWER
PRESIDENTIAL BIOGRAPHIES
MOVIEMAKING
WHY I DRINK
    $200 27
Australia

Lisette
    $200 1
rebel [re-BEL] and rebel [REB-el]

Lisette
    $200 11
(Joe: What is oil?)

coal

LisetteJoe
    $200 30
Reagan

Lisette
    $200 16
a double take

Joe
    $200 6
Monday

Joe
    $400 28
shedding

Joe
    $400 2
to sow [SOH] & a sow [SAU]

Joe
    $400 12
(Alex: Yes, humans powering it.)

oars

Lisette
    $400 21
Herbert Hoover

Triple Stumper
    $400 17
24

Joe
    $400 7
Saturday

Kerry
    $600 29
eyelashes

Joe
    $600 3
minute [MIN-it] and minute [my-NUTE]

Joe
    $600 13
water hydroelectric

Lisette
    $3,000 22
(Joe: Who is Nixon?)

Andrew Johnson

Joe
    $600 18
film noir

Joe
    $600 8
Thursday

Kerry
    $800 26
the ship of the desert

Lisette
    $800 4
(Joe: What is primer [PRY-mer]? Uh, primer [PREE-mer], primer [PRY-mer]?)
[Originally ruled correct; ruled incorrect during contestant interviews]

primer [PRIM-er] and primer [PRY-mer]

Joe
Triple Stumper
    $800 14
(Alex: I's a conveyance powered by two [*].)

horses

Triple Stumper
    $800 23
Teddy Roosevelt

Triple Stumper
    $800 19
the fourth wall

Joe
    $800 9
Friday

Joe
    $1000 25
(Alex: Less than a minute now.)

a Bactrian

Joe
    $1000 5
alternate [ALL-ter-nit] and alternate [ALL-ter-nate]

Joe
    $1000 15
(Lisette: What is nuclear?)

wind power

Lisette
Triple Stumper
    $1000 24
Garfield

Joe
    $1000 20
(Joe: What is reverb?)

distortion

Joe
Triple Stumper
    $1000 10
Tuesday

Kerry

Scores at the first commercial break (after clue 15):

Kerry Lisette Joe
$2,000 $400 $2,000

Scores at the end of the Jeopardy! Round:

Kerry Lisette Joe
$2,000 $1,600 $3,000

Double Jeopardy! Round responses

JAPANESE GEOGRAPHY
ALSO A CLASSIC TV TITLE
SOME FASHION CENTS
QUOTH THE POET
GOING DOWN IN HISTORY
BETWEEN FIVE & FOUR
(Alex: A word between five and four that you would find in the dictionary.)
    $400 23
Iwo Jima

Joe
    $400 4
Full House

Joe
    $400 10
Prada

Joe
    $400 17
Chaucer

Joe
    $400 16
(Joe: What are the S.S.?)

the paratroopers

Joe
Triple Stumper
    $400 1
foolproof

Kerry
    $800 20
Mount Fuji

Joe
    $800 5
Moonlighting

Lisette
    $800 12
Stetson

Kerry
    $800 18
Dante

Triple Stumper
    $800 25
Lindsey Vonn

Joe
    $800 2
fixer-upper

Joe
    $1200 21
Kyushu

Joe
    $1200 6
Rawhide

Joe
    $1200 13
Dolce & Gabbana

Lisette
    $2,200 19
(Joe: Who is Dickinson?)

Robert Frost

Joe
    $1200 26
(Alex: Less than a minute now.)

the unemployment rate

Kerry
    $1200 3
a flea trap (or fleabag)

Lisette
    $1600 22
Nagano

Lisette
    $1600 7
(Alex: Who was [*] Landon? TV series was [*].)

Alf

Triple Stumper
    $1600 14
Swarovski

Kerry
    $1600 29
(Joe: Who is Wordsworth?)

Longfellow

LisetteJoe
    $2,000 27
(Kerry: What are transcontinental cables?)

transatlantic cables

Kerry
    $1600 9
foreclosure (or forfeiture)

Lisette
    $2000 24
Okinawa

Triple Stumper
    $2000 8
a Dragnet

Kerry
    $2000 15
(Lisette: Who is Louis and Vuitton? ...[*]?)

Louis Vuitton

Lisette
    $2000 28
the high ground

Joe
    $2000 11
a flagon

Joe

Scores at the end of the Double Jeopardy! Round:

Kerry Lisette Joe
$6,000 $11,600 $9,200

[wagering suggestions for these scores]

Final Jeopardy! Round responses

COMMUNICATION
KerryWhat are emojis?
$5,800
JoeWhat are emojis?
$3,000
LisetteWhat are emojis?
$401
emojis

Final scores:

Kerry Lisette Joe
$11,800 $12,001 $12,200
3rd place: $1,000 2nd place: $2,000 New champion: $12,200

Game dynamics:

Coryat scores:

Kerry Lisette Joe
$8,000 $11,600 $14,400
8 R,
1 W
(including 1 DD)
14 R,
1 W
24 R,
7 W
(including 2 DDs)

Combined Coryat: $34,000

[game clues] [game scores] [suggest correction]

Game tape date: Unknown
The J! Archive is created by fans, for fans. Scraping, republication, monetization, and malicious use prohibited; this site may use cookies and collect identifying information. See terms. The Jeopardy! game show and all elements thereof, including but not limited to copyright and trademark thereto, are the property of Jeopardy Productions, Inc. and are protected under law. This website is not affiliated with, sponsored by, or operated by Jeopardy Productions, Inc. Join the discussion at JBoard.tv.